header

Macroeconomics / (Record no. 265887)

MARC details
000 -LEADER
fixed length control field 01055pam a2200325 a 4500
001 - CONTROL NUMBER
control field 3977151
003 - CONTROL NUMBER IDENTIFIER
control field OSt
005 - DATE AND TIME OF LATEST TRANSACTION
control field 20260216072607.0
008 - FIXED-LENGTH DATA ELEMENTS--GENERAL INFORMATION
fixed length control field 950608s1996 maua 001 0 eng
020 ## - INTERNATIONAL STANDARD BOOK NUMBER
International Standard Book Number 0201473860
International Standard Book Number 9780201473865
035 ## - SYSTEM CONTROL NUMBER
System control number 3977151
040 ## - CATALOGING SOURCE
Original cataloging agency DLC
Transcribing agency DLC
Modifying agency DLC
050 00 - LIBRARY OF CONGRESS CALL NUMBER
Classification number HB172.5
Item number .P36 1999
082 00 - DEWEY DECIMAL CLASSIFICATION NUMBER
Classification number 339
Edition number 20
100 1# - MAIN ENTRY--PERSONAL NAME
Personal name Parkin, Michael,
Dates associated with a name 1939-
245 10 - TITLE STATEMENT
Title Macroeconomics /
Statement of responsibility, etc Michael Parkin.
250 ## - EDITION STATEMENT
Edition statement 5th ed.
260 ## - PUBLICATION, DISTRIBUTION, ETC. (IMPRINT)
Place of publication, distribution, etc Reading, Mass. :
Name of publisher, distributor, etc Addison-Wesley Pub. Co.,
Date of publication, distribution, etc c1999.
300 ## - PHYSICAL DESCRIPTION
Extent xxxvii, 505 p. :
Other physical details ill. (some col.) ;
Dimensions 26 cm.
336 ## - CONTENT TYPE
Content type term text
Content type code txt
Source rdacontent
337 ## - MEDIA TYPE
Media type term unmediated
Media type code n
Source rdamedia
338 ## - CARRIER TYPE
Carrier type term volume
Carrier type code nc
Source rdacarrier
500 ## - GENERAL NOTE
General note Includes index.
650 #0 - SUBJECT ADDED ENTRY--TOPICAL TERM
Topical term or geographic name as entry element Macroeconomics.
906 ## - LOCAL DATA ELEMENT F, LDF (RLIN)
a 7
b cbc
c orignew
d 1
e ocip
f 19
g y-gencatlg
942 ## - ADDED ENTRY ELEMENTS (KOHA)
Source of classification or shelving scheme Library of Congress Classification
Koha item type Long Loan Books
Holdings
Withdrawn status Lost status Source of classification or shelving scheme Damaged status Not for loan Collection code Home library Current library Shelving location Date acquired Source of acquisition Total Checkouts Full call number Barcode Date last seen Price effective from Koha item type
    Library of Congress Classification     Non-fiction Rongo University Library Rongo University Library General Stacks 16/02/2026 Books for Africa, Donation   HB172.5 .P36 1999 20261390 16/02/2026 16/02/2026 Long Loan Books
    Library of Congress Classification     Non-fiction Rongo University Library Rongo University Library General Stacks 16/02/2026     HB172.5 .P36 1999 20087376 16/02/2026 16/02/2026 Long Loan Books

© 2026 Rongo University
Contact us: librarian | system librarian | Rongo university